000 00546nam a2200193Ia 4500
003 OSt
005 20251023153225.0
008 Pun
037 _cTB
040 _aARTS
_cARTS
_bPun
041 _2Pun
_aPun
084 _aO153,1J56,1:g L9
_qAL
100 _aਪਰਮਿੰਦਰ ਸਿੰਘ
_9156275
245 0 _aਹੀਰ ਰਾਂਝਾ
260 _c1979.
650 _aਪੰਜਾਬੀ ਸਾਹਿਤ
_9849366
942 _hO153,1J56,1:g L9
_cTB
_2CC
_n0
999 _c379040
_d379040